00426cam a2200157ua 45000010005000000080039000050400009000440820013000531000033000662450051000992500009001502600042001593000017002016530021002186530029002392587110829n ii |||gr||||Z||||||asm cMAIN a491.45151 aBaruah, Hemchandra,eAuthor.11aAsamiya bhashar vyakarancby Hemchandra Baruah a2nd. aDibrugarh:bDibrugarh University,995. a168p:c23cm. aAssamese grammar aAsamiya bhashar vyakaran